LEADER 03495nam 2200733Ia 450 001 9910457733303321 005 20210603032159.0 010 $a1-282-77222-8 010 $a9786612772221 010 $a0-520-94100-4 010 $a1-4337-0878-7 024 7 $a10.1525/9780520941007 035 $a(CKB)1000000000354319 035 $a(EBL)306140 035 $a(OCoLC)74941371 035 $a(SSID)ssj0000248789 035 $a(PQKBManifestationID)11187468 035 $a(PQKBTitleCode)TC0000248789 035 $a(PQKBWorkID)10202013 035 $a(PQKB)10014885 035 $a(StDuBDS)EDZ0000083908 035 $a(MiAaPQ)EBC306140 035 $a(DE-B1597)520256 035 $a(OCoLC)172433041 035 $a(DE-B1597)9780520941007 035 $a(Au-PeEL)EBL306140 035 $a(CaPaEBR)ebr10180725 035 $a(CaONFJC)MIL277222 035 $a(EXLCZ)991000000000354319 100 $a20061030d2007 uy 0 101 0 $aeng 135 $aurun#---|u||u 181 $ctxt 182 $cc 183 $acr 200 10$aSoul hunters$b[electronic resource] $ehunting, animism, and personhood among the Siberian Yukaghirs /$fRane Willerslev 210 $aBerkeley $cUniversity of California Press$dc2007 215 $a1 online resource (247 p.) 300 $aDescription based upon print version of record. 311 0 $a0-520-25216-0 311 0 $a0-520-25217-9 320 $aIncludes bibliographical references and index. 327 $tFront matter --$tContents --$tIllustrations --$tPreface --$tAcknowledgments --$t1. Animism as Mimesis --$t2. To Kill or Not to Kill: Rebirth, Sharing, and Risk --$t3. Body-Soul Dialectics: Human Rebirth Beliefs --$t4. Ideas of Species and Personhood --$t5. Animals as Persons --$t6. Shamanism --$t7. The Spirit World --$t8. Learning and Dreaming --$t9. Taking Animism Seriously --$tNotes --$tReferences --$tIndex 330 $aThis is an insightful, highly original ethnographic interpretation of the hunting life of the Yukaghirs, a little-known group of indigenous people in the Upper Kolyma region of northeastern Siberia. Basing his study on firsthand experience with Yukaghir hunters, Rane Willerslev focuses on the practical implications of living in a "hall-of-mirrors" world-one inhabited by humans, animals, and spirits, all of whom are understood to be endless mimetic doubles of one another. In this world human beings inhabit a betwixt-and-between state in which their souls are both substance and nonsubstance, both body and soul, both their own individual selves and reincarnated others. Hunters are thus both human and the animals they imitate, which forces them to steer a complicated course between the ability to transcend difference and the necessity of maintaining identity. 606 $aYukaghir$xHunting$zRussia (Federation)$zSiberia 606 $aAnimism$zRussia (Federation)$zSiberia 606 $aYukaghir$zRussia (Federation)$zSiberia$vFolklore 606 $aEthnology$zRussia (Federation)$zSiberia 607 $aSiberia (Russia)$xSocial life and customs 608 $aElectronic books. 615 0$aYukaghir$xHunting 615 0$aAnimism 615 0$aYukaghir 615 0$aEthnology 676 $a305.89/46 686 $aLC 30326$2rvk 700 $aWillerslev$b Rane$f1971-$01029260 801 0$bMiAaPQ 801 1$bMiAaPQ 801 2$bMiAaPQ 906 $aBOOK 912 $a9910457733303321 996 $aSoul hunters$92448733 997 $aUNINA LEADER 04306nam 22006255 450 001 9910735580603321 005 20251116134528.0 010 $a9783839467800 010 $a3839467802 024 7 $a10.1515/9783839467800 035 $a(CKB)27068598600041 035 $a(DE-B1597)651149 035 $a(DE-B1597)9783839467800 035 $a(MiAaPQ)EBC7260956 035 $a(OCoLC)1387607622 035 $a(ScCtBLL)d760f4da-f998-4308-8083-240ace20d4d4 035 $a(Perlego)3846374 035 $a(EXLCZ)9927068598600041 100 $a20230808h20232023 fg 101 0 $ager 135 $aur||||||||||| 181 $ctxt$2rdacontent 182 $cc$2rdamedia 183 $acr$2rdacarrier 200 10$aTräume, Tränen und Tempel $eThai-buddhistische Religiosität im Alltag thailändischer Heiratsmigrantinnen in der Schweiz /$fAndrea Zimmermann 210 1$aBielefeld : $ctranscript Verlag, $d[2023] 210 4$d©2023 215 $a1 online resource (338 p.) 225 0 $aReligionswissenschaft ;$v37 311 08$a9783837667806 327 $tFrontmatter -- $tInhalt -- $tVorwort -- $tEinleitung -- $tTeil I: Forschungsdesign ? Planung und Durchführung der Studie -- $tEinleitung -- $t1 Forschungsstand -- $t2 Untersuchungsleitende Fragestellungen und Ziele der Studie -- $t3 Grounded Theory als Forschungsstrategie -- $t4 Herausforderungen bei der Erschliessung des Untersuchungsfelds -- $t5 Methoden der Datenerhebung und Untersuchungsmaterial -- $t6 Zusammenfassung -- $tTeil II: Träume ? Heirats- und Migrationsmotive -- $tEinleitung -- $t1 Heiratsmigration von Thai-Frauen in der Schweiz -- $t2 Prozess der Heiratsmigration: Strukturelle Bedingungen des Herkunftskontextes -- $t3 Motive hinter den Eheschliessungen -- $t4 Zwischenfazit -- $tTeil III: Tränen - Problemfelder nach der Migration -- $tEinleitung -- $t1 Die Phase des Ankommens: Erfahrung des Kulturschocks -- $t2 Die Phase des Daseins: Problemfelder nach der Migration -- $t3 Die Phase der Etablierung: Zwischen Heimischwerden und Remigration -- $t4 Zwischenfazit -- $tTeil IV: Tempel ? Ressourcen zur Problembewältigung im Migrationskontext -- $tEinleitung -- $t1 Der Ehepartner als zentrale Bezugsperson -- $t2 Ethnische Kolonie und innerethnische Beziehungen -- $t3 Zwischenfazit -- $tTeil V: Religiosität von Thai-Frauen - Zwischen Bewahrung und Transformation -- $tEinleitung -- $t1 Theoretischer Hintergrund -- $t2 Analyseschritte -- $t3 Warum religiöses Coping? Eine Spurensuche -- $t4 Motivationen für religiöses Coping -- $t5 Bewahrung und Transformation religiöser Praktiken als Copingmechanismen -- $t6 Zwischenfazit -- $tSchlussbetrachtung -- $tBibliografie -- $tAbbildungs- und Tabellenverzeichnis -- $tAnhang 330 $aIn der Forschung zum Buddhismus im Westen blieben asiatische Migrant*innen lange unbeachtet. So auch die gegenwärtig rund 15.000 thailändischen Heiratsmigrantinnen in der Schweiz, die oft mit existenziellen Problemen, Einsamkeit und sozialer Isolation zu kämpfen haben. Andrea Zimmermann richtet den Fokus auf den Wunsch der Frauen nach einem besseren Leben, auf die Schwierigkeiten, denen sie im Migrationskontext begegnen, und auf die Religiosität als Konstante zur Bewältigung ihres Alltags in der Fremde. Damit legt sie eine Studie zur Migrationsforschung, zu lokalem religiösem Pluralismus und zur Bedeutung von Religion im Leben Einzelner vor, die sich nicht nur an Akademiker*innen, sondern auch an ein breiteres Publikum richtet. 606 $aRELIGION / General$2bisacsh 610 $aBuddhism. 610 $aCultural Anthropology. 610 $aDream. 610 $aEveryday Life. 610 $aGender. 610 $aIsolation. 610 $aLoneliness. 610 $aMigration. 610 $aReligion. 610 $aReligious Studies. 610 $aSociology of Religion. 610 $aSwitzerland. 615 7$aRELIGION / General. 676 $a949.407 700 $aZimmermann$b Andrea$4aut$4http://id.loc.gov/vocabulary/relators/aut$01392955 712 02$aSwiss National Science Foundation (SNSF)$4fnd$4http://id.loc.gov/vocabulary/relators/fnd 801 0$bDE-B1597 801 1$bDE-B1597 906 $aBOOK 912 $a9910735580603321 996 $aTräume, Tränen und Tempel$93448495 997 $aUNINA